Statistiques concernant Nommez ces personnes célèbres - Quiz d'images #6

Cliquez ici pour prendre le quiz!

Statistiques générales

  • Ce quiz a été pris 128 fois
  • Le résultat moyen est 5 sur 12

Statistiques - réponses

Réponse% Correct
Johnny Hallyday
90%
Kim il-Sung
71%
Maria Sharapova
58%
Jennifer Lawrence
52%
Eden Hazard
51%
Steffi Graf
46%
Boris Becker
44%
Benyamin Netanyahou
40%
Andy Garcia
35%
Helene Christensen
10%
Suharto
9%
Mikhail Baryshnikov
4%

Distribution des résultats

Percentile par nombre de réponses

% des personnes avec chaque résultat

Votre développement - résultats

Vous n’avez pas pris ce quiz